Prospects for collaboration between Iran and India in the field of trade (Record no. 18699)
[ view plain ]
| 000 -LEADER | |
|---|---|
| fixed length control field | 00441nam a2200145Ia 4500 |
| 082 ## - DEWEY DECIMAL CLASSIFICATION NUMBER | |
| Classification number | TE.0003 |
| 100 ## - MAIN ENTRY--AUTHOR NAME | |
| Personal name | Ebrahimi, Abdolhamid |
| 245 #0 - TITLE STATEMENT | |
| Title | Prospects for collaboration between Iran and India in the field of trade |
| 260 ## - PUBLICATION, DISTRIBUTION, ETC. (IMPRINT) | |
| Year of publication | 1981 |
| Name of publisher | University of Delhi |
| 300 ## - PHYSICAL DESCRIPTION | |
| Number of Pages | 381p. + C D -21 |
| 650 ## - SUBJECT ADDED ENTRY--TOPICAL TERM | |
| Topical Term | INDIA - COMMERCE - IRAN |
| 650 ## - SUBJECT ADDED ENTRY--TOPICAL TERM | |
| Topical Term | IRAN - COMMERCE - INDIA///INDIA - COMMERCE - IRAN |
| 710 ## - ADDED ENTRY--CORPORATE NAME | |
| Corporate name or jurisdiction name as entry element | Neelamegham, S. |
| 942 ## - ADDED ENTRY ELEMENTS (KOHA) | |
| Koha item type | Thesis |
| Source of classification or shelving scheme | Dewey Decimal Classification |
| Withdrawn status | Lost status | Damaged status | Not for loan | Home library | Current library | Date acquired | Bill Date | Full call number | Accession Number | Price effective from | Koha item type |
|---|---|---|---|---|---|---|---|---|---|---|---|
| NASSDOC Library | NASSDOC Library | 08/10/2004 | 2004-10-22 | TE.0003 | 14678 | 18/04/2019 | Thesis |
